00936cam a22002774a 45000010009000000050017000090080041000260100017000670200028000840400018001120420008001300500023001380820019001611000021001802450087002012500019002882600045003073000035003524900030003875040051004176500052004686500052005206300012005727000020005848300054006041178805420240504154702.0990914s2000 caua b 001 0 eng  a 99048385  a0534371736 (alk. paper) aDLCcDLCdDLC apcc00aTK5105b.P744 200000a621.382/162211 aProakis, John G.10aContemporary communication systems using MATLAB /cJohn G. Proakis, Masoud Salehi. aUpdated print. aPacific Grove, CA :bBrooks/Cole,c2000. axiii, 428 p. :bill. ;c23 cm.1 aBookWare companion series aIncludes bibliographical references and index. 0aData transmission systemsxComputer simulation. 0aTelecommunication systemsxComputer simulation.00aMATLAB.1 aSalehi, Masoud. 0aBookWare companion series (Pacific Grove, Calif.)